| Tag |
First Indicator |
Second Indicator |
Subfields |
| LEADER |
00000cam a22000001a 4500 |
| 001 |
in00003343313 |
| 006 |
m d f |
| 007 |
cr bn mmmapmmp |
| 008 |
110210s2008 dcu o f000 0 eng d |
| 005 |
20260429200509.4 |
| 035 |
|
|
|a cis2007805455
|
| 040 |
|
|
|a ProQuest
|c ProQuest
|d UtOrBLW
|
| 043 |
|
|
|a n-us---
|
| 099 |
|
|
|a CMP-2008-DPC-0019
|
| 110 |
1 |
|
|a United States.
|b Congress.
|b Senate.
|b Democratic Policy Committee.
|
| 245 |
1 |
0 |
|a Democratic Accomplishments in the 110th Congress :
|b A New Direction for America.
|
| 264 |
|
1 |
|a [Washington] :
|b [U.S. G.P.O.],
|c 2008.
|
| 300 |
|
|
|a 1 online resource.
|
| 336 |
|
|
|a text
|b txt
|2 rdacontent
|
| 337 |
|
|
|a computer
|b c
|2 rdamedia
|
| 338 |
|
|
|a online resource
|b cr
|2 rdacarrier
|
| 500 |
|
|
|a Record is based on bibliographic data in ProQuest U.S. Congressional Research Digital Collection. Reuse except for individual research requires license from ProQuest, LLC.
|
| 500 |
|
|
|a Electronic resource.
|
| 610 |
1 |
0 |
|a United States.
|b Congress.
|b Senate.
|
| 610 |
2 |
0 |
|a Democratic Party (U.S.)
|
| 655 |
|
7 |
|a Electronic books.
|2 local
|
| 710 |
2 |
|
|a ProQuest (Firm)
|
| 776 |
0 |
8 |
|i Print version:
|a United States. Congress. Senate. Democratic Policy Committee.
|t Democratic Accomplishments in the 110th Congress
|
| 776 |
0 |
8 |
|i Microfiche version:
|a United States. Congress. Senate. Democratic Policy Committee.
|t Democratic Accomplishments in the 110th Congress.
|d [Bethesda, Md.] : ProQuest,[2004]
|o CIS 2008 S962-130
|w (ProQuest)cis200803432
|
| 830 |
|
0 |
|a U.S. Congressional Research.
|
| 856 |
4 |
0 |
|u http://proxy.library.tamu.edu/login?url=https://congressional.proquest.com/congcomp/getdoc?CRDC-ID=CMP-2008-DPC-0019
|z Connect to the full text of this electronic book
|t 0
|
| 998 |
|
|
|a cis200803432
|
| 999 |
|
|
|a MARS
|
| 999 |
f |
f |
|s 0618d261-d1c0-3e11-bc7f-acfcfee761c0
|i 42399a3a-6289-3311-b77c-60e4970e8733
|t 0
|
| 952 |
f |
f |
|a Texas A&M University
|b College Station
|c Electronic Resources
|s www_evans
|d Available Online
|t 0
|e CMP-2008-DPC-0019
|h Other scheme
|
| 998 |
f |
f |
|a CMP-2008-DPC-0019
|t 0
|l Available Online
|